=LDR 00000nam 2200000 4500 =001 INLIS000000000041650 =005 20130612151154 =008 ************************************* =035 ##$$0010-061300000041650 =082 ##$$a 2x4.07 =090 ##$$a 2x4.07, Rif f =100 ##$$a Rifa'i, Moh =245 ##$$a Fiqih untuk MA kelas 3, Drs.H. Moh. Rifa'i =260 ##$$a [s.a] $b Semarang =300 ##$$a 213 hlm, 20cm =650 ##$$a Fiqih =850 ##$$a NBPNMAT